Key Elements of Strategy in the Telecomunnication Industry - Overview of Discussion

Vyhodnotenie súčasných empirických a teoretických prístupov ku stratégiam spoločností v telekomunikačnom priemysle a identifikácia najdôležitejších strategických elementov v tejto oblasti.

Uložené v:
Podrobná bibliografia
Hlavný autor: Možný, Ladislav
Médium: Kapitola
Jazyk:English
Predmet:
Tagy: Pridať tag
Žiadne tagy, Buďte prvý, kto otaguje tento záznam!

MARC

LEADER 00000nla a2200000 4500
001 0241810
005 20240417075134.9
041 0 |a eng 
044 |a CZ 
245 1 0 |a Key Elements of Strategy in the Telecomunnication Industry - Overview of Discussion  |c Ladislav Možný 
520 |a Vyhodnotenie súčasných empirických a teoretických prístupov ku stratégiam spoločností v telekomunikačnom priemysle a identifikácia najdôležitejších strategických elementov v tejto oblasti. 
610 2 0 |a telekomunikácie 
610 2 0 |a stratégia obchodná 
610 2 0 |a technológie komunikačné 
610 2 0 |a trh 
610 2 0 |a ponuka 
610 2 0 |a hodnota trhová 
610 2 0 |a technológie informačné 
100 1 |a Možný, Ladislav